000 00591nam a2200193Ia 4500
003 GCL
008 140319s9999 xx 000 0 ara d
040 _aGCL /
_cGCL
082 0 4 _a621.56
_bع ا
100 1 _aعلى محمد فرج
245 1 0 _aاجهزة التبريد وتكييف الهواء /
_cعلى محمد فرج
300 _a593 ص
490 _aالهيئة العامة للاستعلامات
_v0
650 0 4 _aالتبريد
650 0 4 _aالهندسة
650 0 4 _aالمحركات الكهربائية
650 0 4 _aهندسة كهربائية
942 _2ddc
_cBK
999 _c49116
_d49116